UCL teams against who Messi scored goals - Statistiques

Statistiques générales
  • Ce quiz a été pris 402 fois
  • Le résultat moyen est 18 sur 40
Statistiques - réponses
Hint Réponse % Correct
2 goals Real Madrid
99%
7 goals Manchester City
96%
6 goals PSG
96%
4 goals Manchester United
95%
4 goals Bayern München
93%
9 goals Arsenal
89%
8 goals AC Milan
84%
1 goal Borussia Dortmund
84%
3 goals Chelsea
84%
3 goals Juventus Torino
83%
2 goals Liverpool
83%
5 goals Olympique lyonnais
72%
2 goals Tottenham Hotspur
66%
2 goals AS Roma
57%
7 goals Bayer Leverkusen
57%
1 goal FC Porto
56%
6 goals Ajax Amsterdam
51%
1 goal Sporting CP
45%
1 goal FC Napoli
44%
8 goals Celtic Glasgow
43%
4 goals PSV Eindhoven
42%
2 goals Club Brugge
39%
2 goals RB Leipzig
39%
3 goals Shaktar Donetsk
24%
1 goal Glasgow Rangers
23%
2 goals FC Sevilla
15%
1 goal Olympiakos
13%
3 goals APOEL Nicosia
11%
1 goal Borussia Mönchengladbach
9%
4 goals Spartak Moskva
8%
3 goals Viktoria Plzen
7%
3 goals Dynamo Kyiv
6%
4 goals Panathinaikos
6%
1 goal Slavia Praha
6%
3 goals VfB Stuttgart
6%
2 goals BATE Borisov
5%
1 goal Ferencvaros
5%
2 goals FC Basel
4%
1 goal Werder Bremen
3%
3 goals FC Copenhagen
2%
Aucun quiz correspondant
Distribution des résultats
% des personnes avec chaque résultat
Percentile par nombre de réponses
Votre historique - résultats
Vous n’avez pas pris ce quiz